| 000 | 00666nam a2200181Ia 4500 | ||
|---|---|---|---|
| 003 | GCL | ||
| 008 | 140319s9999 xx 000 0 ara d | ||
| 040 |
_aGCL / _cGCL |
||
| 082 | 0 | 4 |
_a328.62 _bم م |
| 100 | 1 | _aالمجالس القومية المتخصصة | |
| 245 | 1 | 0 |
_aموسوعة المجالس القومية المتخصصة 1991-1974 / _cالمجالس القومية المتخصصة |
| 260 |
_a[S.N] : _bالمجالس القومية المتخصصة ، _c1991 |
||
| 300 | _a476 ص | ||
| 490 |
_aمطبوعات المجالس القومية المتخصصة _v0 |
||
| 650 | 0 | 4 | _aمصر |
| 650 | 0 | 4 | _aالهيئات التشريعية |
| 942 |
_2ddc _cBK |
||
| 999 |
_c30841 _d30841 |
||